000 00245nam a22001097a 4500
999 _c4826
_d4826
008 250325b ||||| |||| 00| 0 eng d
020 _a2601100099468
082 _a823.92 WON
245 _aTHE GREEDY OCTOPUS
260 _bWONDERKIDS
942 _2ddc